Wasla d'Alep chants traditionnels de Syrie
Αποθηκεύτηκε σε:
| Μορφή: | CD Ηχητικό |
|---|---|
| Γλώσσα: | French |
| Δημοσίευση: |
France :
Maison des cultures du monde,
1988
|
| Σειρά: | Inedit
|
| Θέματα: | |
| Ετικέτες: |
Προσθήκη ετικέτας
Δεν υπάρχουν, Καταχωρήστε ετικέτα πρώτοι!
|
MARC
| LEADER | 00000njm a2200000 i 4500 | ||
|---|---|---|---|
| 001 | 1/47001 | ||
| 007 | sd fs gn m ed | ||
| 008 | 070628s1988 fr fre d | ||
| 028 | 0 | 1 | |a W260007 |b Maison des cultures du monde |
| 035 | |l 10088525 | ||
| 040 | |a GR-MY-UA |b gre |e aacr | ||
| 041 | 0 | |a fre | |
| 082 | 0 | |a 781.62927 |2 (22η εκδ.) | |
| 245 | 1 | 0 | |a Wasla d'Alep |h [ηχογράφηση] : |b chants traditionnels de Syrie |
| 260 | |a France : |b Maison des cultures du monde, |c 1988 | ||
| 300 | |a 1 δίσκος CD (68,50 λ.); |b ψηφιακός, στέρεο; |c 4 3/4 | ||
| 490 | 1 | |a Inedit | |
| 505 | 0 | |a Samai nahawand -- Mouachah "Soubhana man" -- Mouachah "Qultu lamma" -- Mouachah "Min yum habbeit" -- Taqsim -- Layali -- Dor "Yalli tichki" -- Antal Moudallal ya qamar -- Alyana alyana -- Ya man djafa wama rahim | |
| 511 | |a Sabri Moudallal and his ensemble | ||
| 650 | 0 | 0 | |a Music |z Syria. |
| 830 | 0 | |a Inedit | |
| 852 | |a INST |b SAMOS |c AV |e 20070628 |h 781.62927 WAS |p 005300026112 |q 005300026112 |t CD |y 23 | ||
| 901 | |a BIBL3-2006-1 | ||
| 909 | |a Σ |b 045099 | ||
| 922 | |a 3ΕΛΗ |b 199812 |c ΤΜΗΜΑ ΜΑΘΗΜΑΤΙΚΩΝ |d ΛΕΣΧΗ ΔΙΣΚΟΥ | ||
| 970 | |a ΒΛΑΧΟΥ |b ΒΑΣΙΛΙΚΗ |z 2007/06/28 | ||